[Event "Ostrava Konik op"]
[Site "Ostrava"]
[Date "2014.04.29"]
[Round "4"]
[White "Pesl, Jan"]
[Black "Benes, Miroslav"]
[Result "1-0"]
[WhiteElo "1780"]
[BlackElo "2020"]
[PlyCount "43"]
[EventDate "2014.04.26"]
[EventType "swiss"]
[EventRounds "9"]
[EventCountry "CZE"]
[SourceTitle "CBM 160 Extra"]
[Source "ChessBase"]
[SourceDate "2014.07.01"]
[SourceVersion "1"]
[SourceVersionDate "2014.07.01"]
[SourceQuality "1"]

1. e4 c5 2. Nc3 Nc6 3. Nf3 g6 4. Bc4 Bg7 5. 0-0 e6 6. d3 Nge7 7. Bg5 a6 8. a4 0-0 9. Qd2 Re8 10. Rfe1 Qc7 11. Rab1 Na5 12. e5 d6 13. exd6 Qxd6 14. Ne4 Qb6 15. Nf6+ Bxf6 16. Bxf6 Bd7 17. Qg5 Nd5 18. Bxd5 exd5 19. Ne5 Bxa4 20. Ng4 Qd6 21. Nh6+ Kf8 22. Nf5 1-0

[Event "Ostrava Konik op"]
[Site "Ostrava"]
[Date "2014.04.26"]
[Round "1"]
[White "Vantuch, Lucian"]
[Black "Pesl, Jan"]
[Result "0-1"]
[WhiteElo "1334"]
[BlackElo "1780"]
[PlyCount "88"]
[EventDate "2014.04.26"]
[EventType "swiss"]
[EventRounds "9"]
[EventCountry "CZE"]
[SourceTitle "CBM 160 Extra"]
[Source "ChessBase"]
[SourceDate "2014.07.01"]
[SourceVersion "1"]
[SourceVersionDate "2014.07.01"]
[SourceQuality "1"]

1. e4 Nf6 2. e5 Nd5 3. d4 d6 4. c4 Nb6 5. Nf3 Bg4 6. Bd3 Nc6 7. 0-0 Nxd4 8. Be4 Nc6 9. Bxc6+ bxc6 10. Bf4 g6 11. c5 Nd5 12. Qa4 Nxf4 13. Qxf4 Qd7 14. Ng5 Qf5 15. Qa4 Qd7 16. f3 Bf5 17. Qc4 d5 18. Qd4 Bg7 19. f4 0-0 20. Re1 f6 21. e6 Qc8 22. Nf3 Bxe6 23. Qe3 Bg4 24. Qxe7 Bxf3 25. gxf3 Re8 26. Qxe8+ Qxe8 27. Rxe8+ Rxe8 28. Nc3 f5 29. Kf2 Bd4+ 30. Kf1 Re3 31. Kg2 Bxc5 32. Rc1 Bd6 33. Kf2 Bxf4 34. Rc2 d4 35. Ne2 d3 36. Rd2 Rxe2+ 37. Rxe2 dxe2 38. h3 Kf7 39. Kxe2 Ke6 40. Kd3 Kd5 41. b3 a5 42. a4 Kc5 43. Kc3 Be5+ 44. Kc2 Kb4 0-1